The law of the sea : (Record no. 3810)

MARC details
000 -LEADER
fixed length control field 00946cam a2200253 a 4500
001 - CONTROL NUMBER
control field 4975888
003 - CONTROL NUMBER IDENTIFIER
control field OSt
005 - DATE AND TIME OF LATEST TRANSACTION
control field 20230704131944.0
008 - FIXED-LENGTH DATA ELEMENTS--GENERAL INFORMATION
fixed length control field 971231s1997 nyu i001 0 eng
010 ## - LIBRARY OF CONGRESS CONTROL NUMBER
LC control number 97229152
020 ## - INTERNATIONAL STANDARD BOOK NUMBER
International Standard Book Number 9211335221
040 ## - CATALOGING SOURCE
Original cataloging agency DLC
Transcribing agency DLC
Modifying agency DLC
082 00 - DEWEY DECIMAL CLASSIFICATION NUMBER
Classification number 341.7
Item number UN
130 0# - MAIN ENTRY--UNIFORM TITLE
Uniform title United Nations Convention on the Law of the Sea
Date of treaty signing (1982 December 10)
245 14 - TITLE STATEMENT
Title The law of the sea :
Statement of responsibility, etc. Division for Ocean Affairs and the Law of the Sea, Office of Legal Affairs.
260 ## - PUBLICATION, DISTRIBUTION, ETC. (IMPRINT)
Place of publication, distribution, etc. New York :
Name of publisher, distributor, etc. United Nations,
Date of publication, distribution, etc. 1997.
300 ## - PHYSICAL DESCRIPTION
Extent iii, 294 p. ;
Dimensions 23 cm.
500 ## - GENERAL NOTE
General note United Nations publication sales no. E.97.V.10"--T.p. verso.
650 #0 - SUBJECT ADDED ENTRY--TOPICAL TERM
Topical term or geographic name as entry element Law of the sea.
730 0# - ADDED ENTRY--UNIFORM TITLE
Uniform title United Nations Convention on the Law of the Sea
Date of treaty signing (1982 December 10).
Form subheading Protocols, etc.
Date of treaty signing (1994 July 28)
906 ## - LOCAL DATA ELEMENT F, LDF (RLIN)
a 7
b cbc
c orignew
d 2
e ncip
f 19
g y-gencatlg
942 ## - ADDED ENTRY ELEMENTS (KOHA)
Source of classification or shelving scheme Dewey Decimal Classification
Koha item type Books
Holdings
Withdrawn status Lost status Source of classification or shelving scheme Damaged status Not for loan Home library Current library Date acquired Total Checkouts Full call number Barcode Checked out Date last seen Price effective from Koha item type
    Dewey Decimal Classification     County Hall Archives County Hall Archives 07/04/2023   341.7 UN 10009482 03/10/2020 07/04/2023 07/04/2023 Books
LIBRARY OPENING HOURS

When the Parliament is sitting: 8.00a.m - 7.00p.m or until the house adjourns
Mondays and Fridays and when the House is on Recess:  8.00a.m - 5.00p.m
Closed on Weekends and Public Holidays

Online Public Access Catalog (OPAC)
Website: http://www.parliament.go.ke
Bunge Library: https://libraryir.parliament.go.ke
Contact: library@parliament.go.ke | Tel no: (254-2)2221291 or 2848000 Ext 5043